000 00330 a2200157 4500
001 71590
020 _a850806800X
040 _cAnchieta - Colégio São Paulo
100 _aJouve, Franck
240 1 0 _aA floresta
_lpor
245 1 0 _aA floresta
300 _a48
362 0 _a1998
650 4 _aLiteratura juvenil
942 _cBK
999 _c71590
_d71590